[Event "Copenhagen Ch"]
[Site "Copenhagen"]
[Date "1998.??.??"]
[Round "1"]
[White "Hartvig, Ove Weiss"]
[Black "Hvenekilde, Jorgen"]
[Result "1/2-1/2"]
[WhiteElo "2255"]
[BlackElo "2225"]
[PlyCount "39"]
[EventDate "1998.??.??"]
[EventType "tourn"]
[EventRounds "9"]
[EventCountry "DEN"]

1. Nf3 Nf6 2. g3 g6 3. b3 Bg7 4. Bb2 O-O 5. Bg2 d6 6. d4 e5 7. dxe5 Ng4 8. c4
Nc6 9. Nc3 Ngxe5 10. O-O Re8 11. Qd2 Rb8 12. Rad1 Nxf3+ 13. Bxf3 Bh3 14. Rfe1
Ne5 15. Bh1 Nd7 16. Nd5 Bxb2 17. Qxb2 Be6 18. Rd2 Bxd5 19. Bxd5 Qf6 20. Qxf6
1/2-1/2

[Event "Copenhagen Ch"]
[Site "Copenhagen"]
[Date "1998.??.??"]
[Round "1"]
[White "Jakobsen, Ole"]
[Black "Sorensen, Torben N"]
[Result "1/2-1/2"]
[WhiteElo "2350"]
[BlackElo "2295"]
[PlyCount "54"]
[EventDate "1998.??.??"]
[EventType "tourn"]
[EventRounds "9"]
[EventCountry "DEN"]

1. c4 c5 2. Nc3 Nc6 3. g3 g6 4. Bg2 Bg7 5. d3 Nf6 6. e4 d6 7. Nge2 Rb8 8. h3
O-O 9. Be3 a6 10. a4 Bd7 11. O-O Ne8 12. Rb1 Nc7 13. d4 cxd4 14. Nxd4 b5 15.
axb5 Nxd4 16. Bxd4 Bxd4 17. Qxd4 axb5 18. cxb5 Nxb5 19. Nxb5 Rxb5 20. Rfc1 Qb6
21. Qxb6 Rxb6 22. Rc7 Be6 23. b4 Rfb8 24. Rxe7 Rxb4 25. Rxb4 Rxb4 26. Re8+ Kg7
27. Rd8 Rb1+ 1/2-1/2

[Event "Copenhagen Ch"]
[Site "Copenhagen"]
[Date "1998.??.??"]
[Round "1"]
[White "Jorgensen, Per Henrik Dorff"]
[Black "Brinck Claussen, Bjorn"]
[Result "1/2-1/2"]
[WhiteElo "2285"]
[BlackElo "2320"]
[PlyCount "58"]
[EventDate "1998.??.??"]
[EventType "tourn"]
[EventRounds "9"]
[EventCountry "DEN"]

1. d4 d5 2. c4 e6 3. Nf3 c5 4. cxd5 exd5 5. Nc3 Nc6 6. g3 Nf6 7. Bg2 Be7 8. O-O
O-O 9. Bg5 cxd4 10. Nxd4 h6 11. Be3 Re8 12. Rc1 Bf8 13. Nxc6 bxc6 14. Na4 Qa5
15. Bc5 Ba6 16. b4 Qd8 17. Re1 Bxc5 18. Nxc5 Qb6 19. a3 Rad8 20. Qc2 Bc4 21. e3
Nd7 22. Nxd7 Rxd7 23. Qc3 Bb5 24. Red1 Ra8 25. Rd4 a5 26. Rg4 g6 27. h4 axb4
28. axb4 Qd8 29. Rd4 Qf6 1/2-1/2

[Event "Copenhagen Ch"]
[Site "Copenhagen"]
[Date "1998.??.??"]
[Round "2"]
[White "Hvenekilde, Jorgen"]
[Black "Holm, Sejer"]
[Result "0-1"]
[WhiteElo "2225"]
[BlackElo "2360"]
[PlyCount "174"]
[EventDate "1998.??.??"]
[EventType "tourn"]
[EventRounds "9"]
[EventCountry "DEN"]

1. d4 Nf6 2. c4 c5 3. d5 g6 4. Nc3 Bg7 5. e4 d6 6. Bd3 O-O 7. Nge2 Nbd7 8. O-O
Ne5 9. f4 Nxd3 10. Qxd3 a6 11. a4 Bd7 12. h3 Ne8 13. Ng3 Rb8 14. Be3 b5 15.
axb5 axb5 16. cxb5 Nc7 17. Rf2 Nxb5 18. Nxb5 Bxb5 19. Qc2 Qd7 20. Ra3 Ra8 21.
Rxa8 Rxa8 22. Rd2 Ra1+ 23. Kh2 h5 24. e5 Ra4 25. e6 Qe8 26. Ne4 Rc4 27. Qb1 Bh6
28. g4 fxe6 29. dxe6 Bc6 30. Ng3 h4 31. Ne2 Re4 32. Bf2 Rxe6 33. Bxh4 Qf7 34.
Bg3 Bf3 35. Ng1 Be4 36. Qf1 d5 37. Rf2 c4 38. Nf3 Bxf3 39. Rxf3 Bg7 40. Qd1 d4
41. f5 Rb6 42. Rf2 d3 43. fxg6 Qxg6 44. Qa4 Qc6 45. Qa5 Rxb2 46. Qd8+ Kh7 47.
Rxb2 Bxb2 48. Qxe7+ Kg8 49. Bd6 Qd5 50. g5 Qf7 51. Qd8+ Kh7 52. Bg3 Be5 53. Qb6
Bxg3+ 54. Kxg3 Qe8 55. Qc7+ Kg6 56. Qd6+ Kh7 57. Qc7+ Kh8 58. Qxc4 Qe3+ 59. Kh4
d2 60. Qc8+ Kg7 61. Qd7+ Kf8 62. Qd8+ Kf7 63. Qc7+ Ke6 64. Qc8+ Ke5 65. Qc7+
Ke4 66. Qc6+ Kd3 67. Qa6+ Kc2 68. Qa2+ Kd1 69. g6 Qb6 70. Kg3 Qxg6+ 71. Kf2
Qf5+ 72. Ke3 Qxh3+ 73. Kf2 Qh2+ 74. Kf1 Qh1+ 75. Kf2 Qe1+ 76. Kg2 Qe2+ 77. Kg1
Qg4+ 78. Kh2 Ke1 79. Qa5 Qd4 80. Kg2 Qf2+ 81. Kh1 Qd4 82. Kg2 Kd1 83. Kf1 Qc4+
84. Kf2 Kc2 85. Qf5+ Kb2 86. Qe5+ Kb3 87. Qe3+ Kc2 0-1

[Event "Copenhagen Ch"]
[Site "Copenhagen"]
[Date "1998.??.??"]
[Round "2"]
[White "Brinck Claussen, Bjorn"]
[Black "Greger, Roland Reinhard"]
[Result "1/2-1/2"]
[WhiteElo "2320"]
[BlackElo "2290"]
[PlyCount "63"]
[EventDate "1998.??.??"]
[EventType "tourn"]
[EventRounds "9"]
[EventCountry "DEN"]

1. e4 e6 2. d4 d5 3. Nd2 Nf6 4. e5 Nfd7 5. f4 c5 6. c3 Nc6 7. Ndf3 Qb6 8. g3
Be7 9. Kf2 cxd4 10. cxd4 g5 11. fxg5 Ndxe5 12. Nxe5 Nxe5 13. Kg2 Nc6 14. Nf3 e5
15. dxe5 Be6 16. Bd3 O-O-O 17. Re1 Nb4 18. a3 Nxd3 19. Qxd3 Kb8 20. b4 Rc8 21.
Be3 d4 22. Bxd4 Rhd8 23. Rac1 Rxc1 24. Rxc1 Bg4 25. Qc4 Qe6 26. Qxe6 fxe6 27.
Rc4 Bxf3+ 28. Kxf3 Bxg5 29. Bc5 b5 30. Rg4 Bc1 31. Rg7 Bxa3 32. Rxa7 1/2-1/2

[Event "Copenhagen Ch"]
[Site "Copenhagen"]
[Date "1998.??.??"]
[Round "2"]
[White "Hove, Esben Kjems"]
[Black "Jorgensen, Per Henrik Dorff"]
[Result "1/2-1/2"]
[WhiteElo "2300"]
[BlackElo "2285"]
[PlyCount "75"]
[EventDate "1998.??.??"]
[EventType "tourn"]
[EventRounds "9"]
[EventCountry "DEN"]

1. c4 e5 2. g3 Nf6 3. Bg2 d6 4. Nc3 g6 5. Nf3 Bg7 6. d4 Nbd7 7. O-O O-O 8. e3
Re8 9. b3 c6 10. Bb2 e4 11. Nd2 d5 12. b4 Nf8 13. b5 Bg4 14. Qa4 Qd7 15. bxc6
bxc6 16. cxd5 cxd5 17. Nb3 Qf5 18. Nc5 Bf3 19. h3 h5 20. Qc2 Bxg2 21. Kxg2 N8h7
22. Ne2 Ng5 23. Ng1 Rec8 24. Qe2 Nd7 25. g4 hxg4 26. hxg4 Qf6 27. Nxd7 Qe6 28.
Nc5 Rxc5 29. dxc5 Bxb2 30. Qxb2 Qxg4+ 31. Kh1 Nf3 32. Rfc1 Nxg1 33. Qe5 Ne2 34.
Rg1 Nxg1 35. Rxg1 Qf3+ 36. Rg2 Qd1+ 37. Kh2 Rc8 38. Rxg6+ 1/2-1/2

[Event "Copenhagen Ch"]
[Site "Copenhagen"]
[Date "1998.??.??"]
[Round "2"]
[White "Hartvig, Ove Weiss"]
[Black "Jakobsen, Ole"]
[Result "1/2-1/2"]
[WhiteElo "2255"]
[BlackElo "2350"]
[PlyCount "53"]
[EventDate "1998.??.??"]
[EventType "tourn"]
[EventRounds "9"]
[EventCountry "DEN"]

1. e4 c5 2. d4 cxd4 3. c3 dxc3 4. Nxc3 Nc6 5. Nf3 d6 6. Bc4 a6 7. Bg5 Nf6 8.
Bxf6 gxf6 9. O-O e6 10. Nd4 Qb6 11. Nxc6 bxc6 12. Bb3 h5 13. Kh1 Be7 14. f4 Bd7
15. Qe2 Qa5 16. Rad1 Rb8 17. Rd2 Rb4 18. Bc4 Bc8 19. a3 Rb8 20. Rfd1 Kf8 21. f5
exf5 22. exf5 Bxf5 23. Re1 Qc7 24. Bxf7 Bg4 25. Qc4 Rb7 26. Bg6 d5 27. Qxa6
1/2-1/2

[Event "Copenhagen Ch"]
[Site "Copenhagen"]
[Date "1998.??.??"]
[Round "3"]
[White "Jakobsen, Ole"]
[Black "Hvenekilde, Jorgen"]
[Result "1-0"]
[WhiteElo "2350"]
[BlackElo "2225"]
[PlyCount "63"]
[EventDate "1998.??.??"]
[EventType "tourn"]
[EventRounds "9"]
[EventCountry "DEN"]

1. c4 Nf6 2. Nc3 g6 3. e4 d6 4. d4 Bg7 5. Be2 c6 6. Nf3 a6 7. O-O b5 8. a3 O-O
9. h3 bxc4 10. Bxc4 Nfd7 11. Be3 Nb6 12. Ba2 a5 13. Qd2 Ba6 14. Rfc1 Nc4 15.
Bxc4 Bxc4 16. Bh6 Ba6 17. Nd1 Re8 18. Bxg7 Kxg7 19. Ne3 Bc8 20. Rc3 Bd7 21.
Rac1 Na6 22. Ng4 Bxg4 23. hxg4 c5 24. Ng5 e5 25. Rh3 h5 26. gxh5 gxh5 27. d5 h4
28. Rxh4 Rh8 29. Rxh8 Qxh8 30. Rc3 Qh4 31. Rg3 Kf8 32. Rh3 1-0

[Event "Copenhagen Ch"]
[Site "Copenhagen"]
[Date "1998.??.??"]
[Round "3"]
[White "El Kher, Henrik"]
[Black "Hartvig, Ove Weiss"]
[Result "1-0"]
[WhiteElo "2290"]
[BlackElo "2255"]
[PlyCount "81"]
[EventDate "1998.??.??"]
[EventType "tourn"]
[EventRounds "9"]
[EventCountry "DEN"]

1. e4 d5 2. exd5 Nf6 3. c4 c6 4. d4 cxd5 5. Nc3 Nc6 6. Nf3 Bg4 7. cxd5 Nxd5 8.
Qb3 Bxf3 9. gxf3 e6 10. Qxb7 Nxd4 11. Bb5+ Nxb5 12. Qc6+ Ke7 13. Qxb5 Qd7 14.
Nxd5+ Qxd5 15. Bg5+ f6 16. Qxd5 exd5 17. Be3 Ke6 18. O-O-O Bb4 19. Kb1 Rhd8 20.
Rd3 Rd7 21. Rc1 Rb8 22. Rc6+ Ke7 23. h3 Rbb7 24. a3 Ba5 25. Rc5 Bb6 26. Rcxd5
Rxd5 27. Rxd5 Bxe3 28. fxe3 Ke6 29. Ra5 g5 30. Kc2 f5 31. b4 h5 32. Ra6+ Ke5
33. Rg6 Rc7+ 34. Kb2 Rd7 35. Rxg5 Rd3 36. e4 Rxf3 37. Rxf5+ Rxf5 38. exf5 Kxf5
39. a4 Kg5 40. a5 Kh4 41. b5 1-0

[Event "Copenhagen Ch"]
[Site "Copenhagen"]
[Date "1998.??.??"]
[Round "3"]
[White "Greger, Roland Reinhard"]
[Black "Hove, Esben Kjems"]
[Result "1-0"]
[WhiteElo "2290"]
[BlackElo "2300"]
[PlyCount "147"]
[EventDate "1998.??.??"]
[EventType "tourn"]
[EventRounds "9"]
[EventCountry "DEN"]

1. e4 c6 2. d4 d5 3. exd5 cxd5 4. c4 e6 5. Nc3 Nf6 6. Nf3 dxc4 7. Bxc4 Be7 8.
O-O O-O 9. Be3 Nbd7 10. Qe2 Nb6 11. Bd3 Nbd5 12. Ne5 b6 13. Rfe1 Bb7 14. Rac1
Rc8 15. Bg5 h6 16. Be3 Nxc3 17. bxc3 Bd6 18. f3 Nd5 19. Bd2 Qh4 20. Qe4 Qxe4
21. fxe4 Nf6 22. Nf3 Be7 23. a4 Nd7 24. Ra1 Bd8 25. Kf2 Nb8 26. Reb1 Ba6 27.
Ke3 f6 28. a5 Bxd3 29. Kxd3 Nc6 30. c4 Rf7 31. axb6 axb6 32. Bc3 Rd7 33. d5
exd5 34. exd5 Ne7 35. Nd4 Rdc7 36. Bb4 Rxc4 37. Bxe7 Bxe7 38. Nc6 R4xc6 39.
dxc6 Rxc6 40. Ra7 Bc5 41. Rd7 Re6 42. Ra1 f5 43. Raa7 Rg6 44. g3 Rg4 45. Rd5
Bg1 46. Ra2 f4 47. gxf4 Rxf4 48. Rg2 Bc5 49. Rd8+ Kh7 50. Rd7 Bf8 51. Rb7 Rf6
52. Ke4 h5 53. Rg5 Kh6 54. Rf5 Re6+ 55. Kd5 Rd6+ 56. Ke5 Rd8 57. Rxb6+ g6 58.
Rf3 Bc5 59. Rc6 Ba7 60. Ke6 Rg8 61. h3 Bd4 62. Rd3 Bg7 63. Kf7 Rf8+ 64. Ke7 Rf5
65. Rg3 Rg5 66. Rf3 Be5 67. Kf7 Rg2 68. Re6 Bd4 69. Rf4 Bc3 70. Re8 Kh7 71. Re7
Rg3 72. h4 Kh6 73. Kg8 g5 74. Re6+ 1-0

[Event "Copenhagen Ch"]
[Site "Copenhagen"]
[Date "1998.??.??"]
[Round "4"]
[White "Hvenekilde, Jorgen"]
[Black "Brinck Claussen, Bjorn"]
[Result "0-1"]
[WhiteElo "2225"]
[BlackElo "2320"]
[PlyCount "52"]
[EventDate "1998.??.??"]
[EventType "tourn"]
[EventRounds "9"]
[EventCountry "DEN"]

1. d4 Nf6 2. Nf3 g6 3. Bf4 d6 4. Nbd2 Bg7 5. e3 O-O 6. h3 Nbd7 7. Be2 Qe8 8.
O-O e5 9. Bh2 Qe7 10. c4 c5 11. Kh1 b6 12. a3 Bb7 13. d5 e4 14. Ne1 Ne8 15. Rb1
f5 16. Nc2 Be5 17. Bxe5 Nxe5 18. f4 exf3 19. Nxf3 Nf6 20. Nxe5 Qxe5 21. Bf3 Ba6
22. b3 b5 23. cxb5 Bxb5 24. Re1 Ne4 25. Bxe4 fxe4 26. Qd2 Qg3 0-1

[Event "Copenhagen Ch"]
[Site "Copenhagen"]
[Date "1998.??.??"]
[Round "4"]
[White "Hove, Esben Kjems"]
[Black "Holm, Sejer"]
[Result "1-0"]
[WhiteElo "2300"]
[BlackElo "2360"]
[PlyCount "73"]
[EventDate "1998.??.??"]
[EventType "tourn"]
[EventRounds "9"]
[EventCountry "DEN"]

1. c4 e6 2. Nc3 d5 3. d4 c5 4. cxd5 exd5 5. Nf3 Nc6 6. e3 Nf6 7. Be2 Bd6 8.
dxc5 Bxc5 9. O-O O-O 10. b3 a6 11. Bb2 Bg4 12. Na4 Bd6 13. Nd4 Bd7 14. Nf3 b5
15. Bxf6 Qxf6 16. Nb6 Rad8 17. Nxd7 Rxd7 18. Rc1 Ba3 19. Rc2 Rfd8 20. Nd4 Ne7
21. Bg4 Rb7 22. Qd2 Qb6 23. b4 a5 24. bxa5 Qa7 25. Be2 Qb8 26. a6 Rb6 27. Qa5
Bd6 28. h3 Qa7 29. Bxb5 Be5 30. Rfc1 Bxd4 31. exd4 Rbb8 32. Rc7 Qxd4 33. a7 Ra8
34. Rxe7 h6 35. Rcc7 Rf8 36. Bc6 Qa1+ 37. Re1 1-0

[Event "Copenhagen Ch"]
[Site "Copenhagen"]
[Date "1998.??.??"]
[Round "4"]
[White "Sorensen, Torben N"]
[Black "Greger, Roland Reinhard"]
[Result "0-1"]
[WhiteElo "2295"]
[BlackElo "2290"]
[PlyCount "86"]
[EventDate "1998.??.??"]
[EventType "tourn"]
[EventRounds "9"]
[EventCountry "DEN"]

1. e4 e6 2. d4 d5 3. e5 c5 4. c3 Nc6 5. Nf3 Qb6 6. Bd3 cxd4 7. cxd4 Bd7 8. O-O
Nxd4 9. Nxd4 Qxd4 10. Nc3 a6 11. Qe2 Ne7 12. Kh1 Nc6 13. f4 Nb4 14. Rd1 Nxd3
15. Rxd3 Qb6 16. Be3 Bc5 17. Bxc5 Qxc5 18. Qd2 Bc6 19. Rc1 Qe7 20. Ne2 O-O 21.
Nd4 f6 22. Re3 Rac8 23. g3 Bd7 24. exf6 Qxf6 25. Re5 Qg6 26. Kg2 Rc4 27. b3
Rxc1 28. Qxc1 Qd3 29. Qc5 h6 30. Qb6 Rf6 31. Qxb7 Qxd4 32. Qxd7 Qd2+ 33. Kh3
Qc2 34. Qb7 Qd3 35. Qc8+ Kh7 36. Qc1 g5 37. fxg5 hxg5 38. Qxg5 Qf1+ 39. Kh4
Rh6+ 40. Qxh6+ Kxh6 41. Rxe6+ Kg7 42. Kg5 Qc1+ 43. Kf5 Qc8 0-1

[Event "Copenhagen Ch"]
[Site "Copenhagen"]
[Date "1998.??.??"]
[Round "4"]
[White "Hartvig, Ove Weiss"]
[Black "Jorgensen, Per Henrik Dorff"]
[Result "1/2-1/2"]
[WhiteElo "2255"]
[BlackElo "2285"]
[PlyCount "50"]
[EventDate "1998.??.??"]
[EventType "tourn"]
[EventRounds "9"]
[EventCountry "DEN"]

1. e4 e6 2. d3 d5 3. Nd2 c5 4. g3 Nc6 5. Bg2 Nf6 6. Ngf3 Be7 7. O-O O-O 8. Re1
b5 9. e5 Nd7 10. Nf1 a5 11. h4 b4 12. Ne3 Ndxe5 13. Nxe5 Nxe5 14. Nxd5 exd5 15.
Rxe5 Bb7 16. Qg4 Re8 17. Bd2 Bf6 18. Rxe8+ Qxe8 19. Re1 Qb5 20. b3 Re8 21.
Rxe8+ Qxe8 22. Qf5 Qe6 23. Qxe6 fxe6 24. Be3 Bd4 25. Bxd4 cxd4 1/2-1/2

[Event "Copenhagen Ch"]
[Site "Copenhagen"]
[Date "1998.??.??"]
[Round "5"]
[White "El Kher, Henrik"]
[Black "Hvenekilde, Jorgen"]
[Result "1-0"]
[WhiteElo "2290"]
[BlackElo "2225"]
[PlyCount "71"]
[EventDate "1998.??.??"]
[EventType "tourn"]
[EventRounds "9"]
[EventCountry "DEN"]

1. e4 e6 2. d4 d5 3. Nd2 Nf6 4. e5 Nfd7 5. Bd3 c5 6. c3 cxd4 7. cxd4 Nc6 8. Ne2
Nb4 9. Bb1 a5 10. O-O Nb6 11. f4 g6 12. Nf3 Bd7 13. a3 Nc6 14. g4 a4 15. Ng3
Na5 16. Bc2 Bb5 17. Rf2 Be7 18. f5 Rc8 19. Ne2 Bxe2 20. Qxe2 Nac4 21. Bh6 Rc6
22. fxe6 fxe6 23. h4 Kd7 24. Ng5 Qe8 25. Bd3 Bxg5 26. Bxg5 h6 27. Bf4 Kc7 28.
Raf1 Nc8 29. Bd2 h5 30. Rf7+ Kb8 31. Bb4 Qd8 32. g5 Qb6 33. Qf2 Rg8 34. Rf6 Rg7
35. Rxg6 Rxg6 36. Bxg6 1-0

[Event "Copenhagen Ch"]
[Site "Copenhagen"]
[Date "1998.??.??"]
[Round "5"]
[White "Jorgensen, Per Henrik Dorff"]
[Black "Jakobsen, Ole"]
[Result "1/2-1/2"]
[WhiteElo "2285"]
[BlackElo "2350"]
[PlyCount "46"]
[EventDate "1998.??.??"]
[EventType "tourn"]
[EventRounds "9"]
[EventCountry "DEN"]

1. d4 c5 2. d5 g6 3. e4 Bg7 4. Nf3 d6 5. Be2 Nf6 6. Nc3 O-O 7. O-O Na6 8. Bf4
Nc7 9. a4 b6 10. Qd2 Bb7 11. Rad1 a6 12. Bh6 b5 13. Bxg7 Kxg7 14. Qf4 b4 15.
Nb1 e6 16. dxe6 Nxe4 17. exf7 Rxf7 18. Qg4 h5 19. Qh3 Qf8 20. Nh4 Rf6 21. Qd7+
Rf7 22. Qh3 Rf6 23. Qd7+ Rf7 1/2-1/2

[Event "Copenhagen Ch"]
[Site "Copenhagen"]
[Date "1998.??.??"]
[Round "5"]
[White "Greger, Roland Reinhard"]
[Black "Hartvig, Ove Weiss"]
[Result "1/2-1/2"]
[WhiteElo "2290"]
[BlackElo "2255"]
[PlyCount "39"]
[EventDate "1998.??.??"]
[EventType "tourn"]
[EventRounds "9"]
[EventCountry "DEN"]

1. e4 d5 2. exd5 Nf6 3. Nf3 Nxd5 4. d4 g6 5. c4 Nb6 6. Nc3 Bg7 7. c5 Nd5 8. Bc4
Nxc3 9. bxc3 Nc6 10. O-O O-O 11. Bg5 Na5 12. Bd3 Be6 13. Qe2 b6 14. Rad1 c6 15.
cxb6 axb6 16. Ne5 Qd6 17. Rfe1 b5 18. Bh4 Ra7 19. f4 Qa3 20. Be4 1/2-1/2

[Event "Copenhagen Ch"]
[Site "Copenhagen"]
[Date "1998.??.??"]
[Round "5"]
[White "Brinck Claussen, Bjorn"]
[Black "Hove, Esben Kjems"]
[Result "1/2-1/2"]
[WhiteElo "2320"]
[BlackElo "2300"]
[PlyCount "88"]
[EventDate "1998.??.??"]
[EventType "tourn"]
[EventRounds "9"]
[EventCountry "DEN"]

1. e4 c6 2. d4 d5 3. e5 Bf5 4. Nc3 e6 5. g4 Bg6 6. Nge2 Ne7 7. f4 h5 8. f5 exf5
9. g5 h4 10. Nf4 Nc8 11. Qe2 Be7 12. e6 Nd6 13. exf7+ Bxf7 14. g6 Bg8 15. Nh5
Kd7 16. Bf4 Bf6 17. Be5 Bxe5 18. dxe5 Ne4 19. Bh3 Nxc3 20. Bxf5+ Kc7 21. bxc3
Qe7 22. e6 Kd6 23. Qg4 Bxe6 24. O-O Bxf5 25. Qxf5 Qe3+ 26. Kh1 Nd7 27. Rae1
Qxc3 28. Qf4+ Kc5 29. Qf7 Rxh5 30. Qe7+ Kb6 31. Qxd7 Ka6 32. Rb1 b6 33. Qg4 Re5
34. Qa4+ Qa5 35. Qxc6 Rae8 36. a4 Qc5 37. Qb5+ Qxb5 38. axb5+ Kb7 39. Rf7+ R8e7
40. Kg2 Rxf7 41. gxf7 Rg5+ 42. Kh3 Rf5 43. Rd1 Rxf7 44. Rxd5 Rc7 1/2-1/2

[Event "Copenhagen Ch"]
[Site "Copenhagen"]
[Date "1998.??.??"]
[Round "6"]
[White "Hvenekilde, Jorgen"]
[Black "Hove, Esben Kjems"]
[Result "1/2-1/2"]
[WhiteElo "2225"]
[BlackElo "2300"]
[PlyCount "53"]
[EventDate "1998.??.??"]
[EventType "tourn"]
[EventRounds "9"]
[EventCountry "DEN"]

1. e4 c6 2. Nc3 d5 3. Nf3 g6 4. d4 Bg7 5. Be2 Nh6 6. O-O O-O 7. Re1 dxe4 8.
Nxe4 Nf5 9. c3 Qc7 10. Bd3 Nd7 11. Qe2 Nb6 12. Ng3 Nxg3 13. hxg3 Re8 14. Ne5
Nd5 15. c4 Bxe5 16. dxe5 Nb4 17. Bb1 c5 18. Qe3 b6 19. Qh6 Be6 20. Bg5 f5 21.
exf6 exf6 22. Bxf6 Qf7 23. Bc3 Bxc4 24. Be4 Bd5 25. a3 Bxe4 26. axb4 cxb4 27.
Bxb4 1/2-1/2

[Event "Copenhagen Ch"]
[Site "Copenhagen"]
[Date "1998.??.??"]
[Round "6"]
[White "Sorensen, Torben N"]
[Black "Brinck Claussen, Bjorn"]
[Result "1/2-1/2"]
[WhiteElo "2295"]
[BlackElo "2320"]
[PlyCount "44"]
[EventDate "1998.??.??"]
[EventType "tourn"]
[EventRounds "9"]
[EventCountry "DEN"]

1. e4 e6 2. d4 d5 3. e5 c5 4. c3 Nc6 5. Nf3 Qb6 6. Bd3 cxd4 7. cxd4 Bd7 8. O-O
Nxd4 9. Nxd4 Qxd4 10. Nc3 a6 11. Qe2 Ne7 12. Kh1 Nc6 13. f4 Nb4 14. Rd1 Bc5 15.
Bxh7 Qf2 16. Qxf2 Bxf2 17. Bb1 g5 18. fxg5 Bg3 19. h3 Bxe5 20. Re1 Bg3 21. Rf1
Be5 22. Re1 Bg3 1/2-1/2

[Event "Copenhagen Ch"]
[Site "Copenhagen"]
[Date "1998.??.??"]
[Round "6"]
[White "Hartvig, Ove Weiss"]
[Black "Holm, Sejer"]
[Result "0-1"]
[WhiteElo "2255"]
[BlackElo "2360"]
[PlyCount "58"]
[EventDate "1998.??.??"]
[EventType "tourn"]
[EventRounds "9"]
[EventCountry "DEN"]

1. e4 c5 2. Nc3 Nc6 3. g3 g6 4. Bg2 Bg7 5. d3 d6 6. f4 e6 7. Nf3 Nge7 8. O-O
Rb8 9. Be3 Nd4 10. e5 Nef5 11. Bf2 h5 12. Ne4 Nxf3+ 13. Qxf3 b6 14. Rae1 Bb7
15. Qe2 dxe5 16. fxe5 Nd4 17. Qd1 Bxe5 18. Nxc5 Bxg2 19. Kxg2 bxc5 20. Rxe5
Rxb2 21. c3 Qa8+ 22. Kh3 Nf3 23. Qa4+ Kf8 24. Qa3 Nxe5 25. Bxc5+ Kg8 26. Qxb2
g5 27. Rf6 g4+ 28. Kh4 Qd8 29. Kg5 Nf3+ 0-1

[Event "Copenhagen Ch"]
[Site "Copenhagen"]
[Date "1998.??.??"]
[Round "6"]
[White "Jakobsen, Ole"]
[Black "Greger, Roland Reinhard"]
[Result "1-0"]
[WhiteElo "2350"]
[BlackElo "2290"]
[PlyCount "165"]
[EventDate "1998.??.??"]
[EventType "tourn"]
[EventRounds "9"]
[EventCountry "DEN"]

1. c4 e5 2. g3 Nf6 3. Bg2 c6 4. d4 exd4 5. Qxd4 d5 6. Nf3 Be7 7. O-O dxc4 8.
Qxc4 Be6 9. Qc2 O-O 10. Nc3 Na6 11. Ng5 Qc8 12. Nxe6 Qxe6 13. e4 Rfd8 14. Qe2
Nc5 15. e5 Nd5 16. Bd2 Nxc3 17. Bxc3 Na4 18. Be1 Nb6 19. f4 Bc5+ 20. Bf2 Bxf2+
21. Rxf2 f6 22. exf6 Qxf6 23. Re1 Re8 24. Qxe8+ Rxe8 25. Rxe8+ Kf7 26. Rfe2
Qd4+ 27. Kh1 Nd5 28. Bxd5+ Qxd5+ 29. Kg1 b5 30. R8e5 Qd4+ 31. Kg2 h6 32. h4 Qd3
33. b4 g6 34. R5e3 Qd5+ 35. Kh2 Qc4 36. a3 h5 37. Rd2 c5 38. bxc5 Qxc5 39. Red3
a5 40. Rb3 Kf6 41. Rdb2 a4 42. Rxb5 Qxa3 43. Rg2 Qd3 44. Ra5 Qb3 45. Rd2 Ke6
46. Re5+ Kf6 47. Red5 Ke6 48. Re5+ Kf6 49. Red5 Ke6 50. R5d3 Qc4 51. Ra3 Kf5
52. Rda2 Kg4 53. Rxa4 Qb3 54. f5+ Kxf5 55. Rf2+ Ke5 56. Ra5+ Ke6 57. Ra6+ Ke7
58. Rxg6 Qd1 59. Rh6 Qg4 60. Ra2 Kf7 61. Rb6 Qd7 62. Rf2+ Kg7 63. Rbf6 Qd5 64.
R6f5 Qd1 65. Rg5+ Kh6 66. Rf6+ Kh7 67. Rff5 Qe2+ 68. Kh3 Kh6 69. Rxh5+ Kg6 70.
Rhg5+ Kh6 71. Rf6+ Kh7 72. Rgf5 Qd1 73. Kh2 Qc2+ 74. Rf2 Qc5 75. R6f5 Qd4 76.
Rf7+ Kg8 77. R7f4 Qd1 78. g4 Kg7 79. R4f3 Qd6+ 80. Kh3 Qd1 81. Rf1 Qe2 82. h5
Qe5 83. g5 1-0

[Event "Copenhagen Ch"]
[Site "Copenhagen"]
[Date "1998.??.??"]
[Round "6"]
[White "El Kher, Henrik"]
[Black "Jorgensen, Per Henrik Dorff"]
[Result "1/2-1/2"]
[WhiteElo "2290"]
[BlackElo "2285"]
[PlyCount "48"]
[EventDate "1998.??.??"]
[EventType "tourn"]
[EventRounds "9"]
[EventCountry "DEN"]

1. e4 e5 2. Nf3 Nc6 3. d4 exd4 4. Nxd4 Bc5 5. Nxc6 Qf6 6. Qd2 Qxc6 7. Bd3 Nf6
8. O-O O-O 9. Nc3 Re8 10. Qf4 Bd4 11. Ne2 Be5 12. Qh4 d5 13. exd5 Qxd5 14. Rd1
Bf5 15. Nf4 Qd7 16. Be3 Rad8 17. Be2 Qe7 18. c3 Bc2 19. Rxd8 Rxd8 20. Nh5 Nd5
21. Qxe7 Nxe7 22. Rc1 Be4 23. Rd1 Rxd1+ 24. Bxd1 b6 1/2-1/2

[Event "Copenhagen Ch"]
[Site "Copenhagen"]
[Date "1998.??.??"]
[Round "7"]
[White "Holm, Sejer"]
[Black "Jakobsen, Ole"]
[Result "1-0"]
[WhiteElo "2360"]
[BlackElo "2350"]
[PlyCount "89"]
[EventDate "1998.??.??"]
[EventType "tourn"]
[EventRounds "9"]
[EventCountry "DEN"]

1. d4 d6 2. Nf3 g6 3. c4 Bg7 4. Nc3 Bg4 5. e4 c6 6. Be3 Nd7 7. Be2 Bxf3 8. Bxf3
Ngf6 9. Be2 e5 10. d5 c5 11. O-O h5 12. h3 a6 13. Qd2 Ng8 14. a4 Bh6 15. Bxh6
Rxh6 16. f4 exf4 17. Qxf4 Ne5 18. a5 b6 19. b4 cxb4 20. Na4 bxa5 21. c5 g5 22.
Qe3 g4 23. Rf5 Rg6 24. hxg4 hxg4 25. Rh5 Qf6 26. Rf1 Qg7 27. Nb6 Rb8 28. Bxa6
Nf6 29. c6 Nxh5 30. c7 Rd8 31. Bb5+ Ke7 32. cxd8=Q+ Kxd8 33. Qc1 Nf3+ 34. Rxf3
Qd4+ 35. Qe3 Qc5 36. Nd7 Qxb5 37. Rxf7 Rg7 38. Rf8+ Ke7 39. Rh8 Qxd7 40. Rxh5
Qb5 41. Qh6 Qc5+ 42. Kh1 Qd4 43. Qe6+ Kd8 44. Rh8+ Kc7 45. Qc8+ 1-0

[Event "Copenhagen Ch"]
[Site "Copenhagen"]
[Date "1998.??.??"]
[Round "7"]
[White "Brinck Claussen, Bjorn"]
[Black "Hartvig, Ove Weiss"]
[Result "1/2-1/2"]
[WhiteElo "2320"]
[BlackElo "2255"]
[PlyCount "25"]
[EventDate "1998.??.??"]
[EventType "tourn"]
[EventRounds "9"]
[EventCountry "DEN"]

1. e4 d5 2. exd5 Nf6 3. d4 Nxd5 4. Nf3 g6 5. c4 Nb6 6. h3 Bg7 7. Nc3 O-O 8. Be2
Nc6 9. Be3 e5 10. d5 Ne7 11. Qb3 Nf5 12. O-O-O Nd7 13. Bg5 1/2-1/2

[Event "Copenhagen Ch"]
[Site "Copenhagen"]
[Date "1998.??.??"]
[Round "7"]
[White "Hove, Esben Kjems"]
[Black "Sorensen, Torben N"]
[Result "1-0"]
[WhiteElo "2300"]
[BlackElo "2295"]
[PlyCount "65"]
[EventDate "1998.??.??"]
[EventType "tourn"]
[EventRounds "9"]
[EventCountry "DEN"]

1. c4 c5 2. g3 g6 3. Bg2 Bg7 4. Nf3 Nf6 5. O-O Nc6 6. Nc3 O-O 7. d4 cxd4 8.
Nxd4 Nxd4 9. Qxd4 d6 10. Qd3 a6 11. Bg5 Rb8 12. Rfd1 Be6 13. b3 Qa5 14. Qd2 Qe5
15. Rac1 Rfc8 16. a4 Re8 17. e4 Nd7 18. Nd5 Bxd5 19. exd5 Nc5 20. Re1 Qf5 21.
Rb1 b5 22. cxb5 axb5 23. axb5 Rxb5 24. b4 Rb7 25. g4 Qd3 26. bxc5 Qxb1 27. c6
Qb4 28. cxb7 Bc3 29. Qc2 Bxe1 30. Qc8 Qb5 31. Bf1 Qb2 32. Qxe8+ Kg7 33. Bh4 1-0

[Event "Copenhagen Ch"]
[Site "Copenhagen"]
[Date "1998.??.??"]
[Round "8"]
[White "Hvenekilde, Jorgen"]
[Black "Sorensen, Torben N"]
[Result "1-0"]
[WhiteElo "2225"]
[BlackElo "2295"]
[PlyCount "80"]
[EventDate "1998.??.??"]
[EventType "tourn"]
[EventRounds "9"]
[EventCountry "DEN"]

1. e4 e5 2. Bc4 Nf6 3. Nc3 Nc6 4. d3 Bb4 5. Bg5 h6 6. Bh4 Bxc3+ 7. bxc3 d6 8.
Ne2 Qe7 9. O-O g5 10. Bg3 Nd8 11. f3 Be6 12. Bb3 a5 13. Rb1 Nh5 14. Bf2 Ng7 15.
d4 b6 16. Qd3 f6 17. Ng3 a4 18. Bd5 Ra5 19. Rfe1 Bxd5 20. exd5 Rxd5 21. c4 Ra5
22. c5 bxc5 23. dxc5 O-O 24. Ne4 d5 25. Qxd5+ Kh8 26. Rb8 Nde6 27. Reb1 Kh7 28.
h4 f5 29. hxg5 hxg5 30. Rxf8 Nxf8 31. Qd2 Ra8 32. Nxg5+ Kg6 33. Nh3 Nfe6 34.
Qc3 Ng5 35. Nxg5 Kxg5 36. Re1 e4 37. fxe4 f4 38. Rd1 Kg6 39. Qf3 Qg5 40. Rd5
Qf6 1-0